000 00664nam a2200205 i 4500
001 99952
003 ES-MaACL
005 20230906182559.0
007 t|
008 050920s1967 sp ||||1| spa d
100 1 _aMartínez Planas, Miguel.
_978338
245 1 0 _aAgricultura práctica /
_cpor Miguel Martínez Planas y Luis Tico Roig.
260 _aBarcelona :
_bRamón Sopena,
_c1967.
300 _a686 p., 7 lám. neg. y col. :
_bil. ;
_c21 cm.
490 1 _aBiblioteca hispánica ilustrada
700 1 _aTico Roig, Luis.
_9110219
830 0 _aBiblioteca hispánica ilustrada
_9232416
852 _aES-MaACL
_jC-45190
_bR.76399
999 _c99952
_d99952